Cơ sở thiết kế máy và chi tiết máy

保存先:
書誌詳細
第一著者: Trịnh Chất
フォーマット: 図書
言語:Vietnamese
出版事項: Khoa học Kỹ Thuật 1994
主題:
タグ: タグ追加
タグなし, このレコードへの初めてのタグを付けませんか!
Thư viện lưu trữ: Mạng thư viện Đại học Đà Nẵng
LEADER 00770nam a2200301 a 4500
001 000000910
003 03062
005 20171229145310.0
008 171229s1994 vie
040 |a LSK 
041 0 |a VIE 
082 0 |a 621.8  |b TR-C 
100 1 |a Trịnh Chất 
245 0 0 |a Cơ sở thiết kế máy và chi tiết máy 
260 |b Khoa học Kỹ Thuật  |c 1994 
300 |a 218 pages  |c 27 cm. 
653 |a Máy - Thiết kế 
653 |a Chi tiết máy - Thiết kế 
852 |a Phòng Đọc 
901 |a 2 
927 |a Giáo trình 
OWN |a LSK 
999 |a From the UDN01 
TYP |a Monograph 
TYP |a Printed language 
980 |a Mạng thư viện Đại học Đà Nẵng